Missing Word: Modern Family Quiz Stats

 Plays Quiz Updated Oct 21, 2017

Challenge
Share
Tweet
Embed
Score 0/20 Timer 04:00
1 Play Today
Character/Actor Missing Word % Correct
↓ Character ↓
Haley _____
Dunphy
92.4%
↓ Character ↓
_____ Tucker
Cameron
88.9%
↓ Character ↓
_____ Dunphy
Claire
88.2%
↓ Character ↓
Jay _____
Pritchett
87.4%
↓ Character ↓
_____ Delgado
Manny
87.3%
↓ Character ↓
_____ Dunphy
Phil
87%
↑ Portrayed by ↑
Sofía _____
Vergara
82.1%
↑ Portrayed by ↑
_____ Stonestreet
Eric
81.8%
↓ Character ↓
_____ Dunphy
Alex
81.2%
↑ Portrayed by ↑
_____ Hyland
Sarah
80.4%
Character/Actor Missing Word % Correct
↑ Portrayed by ↑
_____ Burrell
Ty
78.6%
↑ Portrayed by ↑
_____ O'Neill
Ed
75.5%
↓ Character ↓
_____ Dunphy
Luke
74.5%
↓ Character ↓
Gloria _____-Pritchett
Delgado
74.4%
↑ Portrayed by ↑
_____ Winter
Ariel
74.1%
↓ Character ↓
_____ Pritchett
Mitchell
73%
↑ Portrayed by ↑
Jesse Tyler _____
Ferguson
66.8%
↑ Portrayed by ↑
Julie _____
Bowen
66.2%
↑ Portrayed by ↑
Rico _____
Rodriguez
46.4%
↑ Portrayed by ↑
_____ Gould
Nolan
44.4%

Today's Daily Dose

You're not logged in!

Compare scores with friends on all Sporcle quizzes.
Join for Free
OR
Log In

You Might Also Like...

Show Comments

Extras

Top Quizzes Today


Score Distribution

Your Account Isn't Verified!

In order to create a playlist on Sporcle, you need to verify the email address you used during registration. Go to your Sporcle Settings to finish the process.

Report this User

Report this user for behavior that violates our Community Guidelines.

Details: